History Quiz

Random History or Biography Quiz

Biography: O Quiz Stats

 Plays Quiz not verified by Sporcle

Support Sporcle.
Go Orange.
Score 0/20 Timer 06:00
1 Play Today
Biography Channel Profile 'O' Person % Correct
He was the 44th president of the United States and the first African-American to serve as U.S. president.Barack Obama
97.5%
She is a multimedia artist who became known worldwide in the 1960s when she married Beatles front man John Lennon. Yoko Ono
96.2%
He was an English novelist, essayist, and critic most famous for his novels 'Animal Farm' and 'Nineteen Eighty-Four.'George Orwell
92.4%
He formed the band Hall & [NAME] with Daryl Hall in the 1970s. They continued to release hits like 'Private Eyes' throughout the early 1980s.John Oates
89.1%
He was a Greek shipping magnate and international businessman who in 1968 married Jacqueline Kennedy.Aristotle Onassis
87.6%
An eccentric English musician, he fronted the heavy metal band Black Sabbath.Ozzy Osbourne
86.7%
He was the accused assassin of President John F. Kennedy in Dallas on Nov. 22, 1963. He himself was fatally shot two days later by Jack Ruby.Lee Harvey Oswald
85.2%
A singer, actress, and television personality, she was half of the brother-and-sister duo Donny and [NAME].Marie Osmond
82.1%
She was a legendary sharpshooter and performer in Buffalo Bill Cody's Wild West Show. She was one of the best known characters of the Old West.Annie Oakley
80.6%
An American track-and-field athlete, he set a long jump world record that stood for 25 years. He won four gold medals at the 1936 Berlin Olympic Games.Jesse Owens
79%
Biography Channel Profile 'O' Person % Correct
He wrote romantic 1960s pop ballads like 'Oh, Pretty Woman.' In 1987, he was inducted into the Rock and Roll Hall of Fame.Roy Orbison
76%
He was the scientific director of the Manhattan Project, the World War II project that developed the first nuclear weapons.J. Robert Oppenheimer
71.7%
She was the first woman appointed to the U.S. Supreme Court. She was considered a moderate conservative and served for 24 years.Sandra Day O'Connor
70.6%
He is best known as the dad in TV sitcoms like 'Married... with Children' and 'Modern Family.'Ed O'Neil
57.5%
A Roman poet and author of 'Ars amatoria' and 'Metamorphoses,' he was banished to the island of Tomis in 8 BC where he lived until his death in 17 AD.Ovid
54.4%
He is a British chef who achieved worldwide fame with his hit television show 'The Naked Chef.'Jamie Oliver
54.1%
He is an Olympic champion speed skater who holds the record for most medals won by a U.S. Winter Olympian.Apolo Anton Ohno
44.4%
He was a Nicaraguan guerrilla leader and Sandinista. He was elected president of Nicaragua from 1984 to 1990 and again in 2007.Daniel Ortega
40.7%
A longtime offensive lineman with the Baltimore Ravens, he was the subject of Michael Lewis's book, 'The Blind Side,' and the 2009 film of the same name.Michael Oher
39.4%
He became prime minister of Israel after Ariel Sharon's massive stroke in 2006. He was forced to resign under charges of corruption in 2009.Ehud Olmert
12.8%

You're not logged in!

Compare scores with friends on all Sporcle quizzes.
OR
Log In

From the Vault

Blitz: Does It Contain 'O'?

by beforever

'O' we don't know, does it?
Remove Ads.
Support Sporcle.
Get the best of Sporcle when you Go Orange. This ad-free experience offers more features, more stats, and more fun while also helping to support Sporcle. Thank you for becoming a member.

Show Comments

Extras

Created Dec 14, 2011SourceReportNominate
Tags:Biography Quiz

Top Quizzes Today


Score Distribution

Your Account Isn't Verified!

In order to create a playlist on Sporcle, you need to verify the email address you used during registration. Go to your Sporcle Settings to finish the process.

Report this User

Report this user for behavior that violates our Community Guidelines.

Details: